al-Inshāʼ al-ʻaṣrī. (Record no. 83383)

MARC details
000 -LEADER
fixed length control field 00512cam a22002051 4500
001 - CONTROL NUMBER
control field sa 68010396
003 - CONTROL NUMBER IDENTIFIER
control field DLC
005 - DATE AND TIME OF LATEST TRANSACTION
control field 20260227112551.0
008 - FIXED-LENGTH DATA ELEMENTS--GENERAL INFORMATION
fixed length control field 890331s1967 xx 000 0 ara
010 ## - LIBRARY OF CONGRESS CONTROL NUMBER
LC control number sa 68010396
035 ## - SYSTEM CONTROL NUMBER
System control number (OCoLC)23498297
040 ## - CATALOGING SOURCE
Original cataloging agency DLC
Transcribing agency MiU
Modifying agency DLC
050 00 - LIBRARY OF CONGRESS CALL NUMBER
Classification number PN6119
Item number .A9
100 1# - MAIN ENTRY--PERSONAL NAME
Personal name al-Azhari, Md. Alauddin.
245 13 - TITLE STATEMENT
Title al-Inshāʼ al-ʻaṣrī.
260 ## - PUBLICATION, DISTRIBUTION, ETC.
Date of publication, distribution, etc. [1967]
300 ## - PHYSICAL DESCRIPTION
Extent 4, 4, 155, 16 p.
Dimensions 18 cm.
500 ## - GENERAL NOTE
General note Romanized.
650 #0 - SUBJECT ADDED ENTRY--TOPICAL TERM
Topical term or geographic name entry element Arabic language
General subdivision Readers

No items available.

Powered by Koha